000 00564nam a2200181Ia 4500
008 090201s9999 xx 000 0 und d
010 _aKPL-62422
040 _bमराठी
041 _aमराठी
082 _a34553
_b62422
100 _aशिरीष कणेकर
245 _aवेचक शिरीष कणेकर
_cशिरीष कणेकर
260 _c2004
_bदिलीप प्रकाशन
300 _a371
300 _bमोठा
600 _aवेचक शिरीष कणेकर
942 _cBOOK
999 _c232735
_d232735